LIBRARY & INFORMATION CENTRE, KCAET, TAVANUR

ONLINE PUBLIC ACCESS CATALOGUE (OPAC)

Sewage and sewage treatment / (Record no. 2470)

MARC details
000 -LEADER
fixed length control field 00479cam a2200193ua 4500
041 ## - LANGUAGE CODE
Language code of text/sound track or separate title eng
082 ## - DEWEY DECIMAL CLASSIFICATION NUMBER
Classification number 628.3
Item number BAB/SE
100 ## - MAIN ENTRY--AUTHOR NAME
Personal name Babbitt, Harold.E .
245 ## - TITLE STATEMENT
Title Sewage and sewage treatment /
250 ## - EDITION STATEMENT
Edition statement 8 /
260 ## - PUBLICATION, DISTRIBUTION, ETC. (IMPRINT)
Place of publication :
Name of publisher Asia Publishing House ,
Year of publication 1962.
300 ## - PHYSICAL DESCRIPTION
Number of Pages 790 ; .
700 1# - ADDED ENTRY--PERSONAL NAME
Personal name Baumann, Robert.E .
942 ## - ADDED ENTRY ELEMENTS (KOHA)
Koha item type Books
Holdings
Withdrawn status Lost status Damaged status Home library Current library Date acquired Full call number Accession Number Koha item type
      KAUAET KAUAET 07/04/2012 628.3 2567 Books
free website counter